The New River...abstract particulars and conditions of sale of freehold estates...comprising about a quarter of an Adventurer's Share and one half of a King's Share in the estates and interests of the New River...for sale by auction at the Mart, Tokenhouse Yard, Bank of England on Wednesday the 14th day of March 1894... (Record no. 116630)

MARC details
000 -LEADER
fixed length control field 00850cam a22001935a 4500
001 - CONTROL NUMBER
control field L141158
008 - FIXED-LENGTH DATA ELEMENTS--GENERAL INFORMATION
fixed length control field 071031s1894 xxk eng u
035 ## - SYSTEM CONTROL NUMBER
System control number (Sirsi) u141158
041 0# - LANGUAGE CODE
Language code of text/sound track or separate title eng
110 2# - MAIN ENTRY--CORPORATE NAME
Corporate name or jurisdiction name as entry element Edwin Fox and Bousfield
9 (RLIN) 5433
245 04 - TITLE STATEMENT
Title The New River...abstract particulars and conditions of sale of freehold estates...comprising about a quarter of an Adventurer's Share and one half of a King's Share in the estates and interests of the New River...for sale by auction at the Mart, Tokenhouse Yard, Bank of England on Wednesday the 14th day of March 1894...
260 ## - PUBLICATION, DISTRIBUTION, ETC.
Place of publication, distribution, etc. S.l.
Name of publisher, distributor, etc. s.n.
Date of publication, distribution, etc. [1894]
300 ## - PHYSICAL DESCRIPTION
Extent 3 leaves
Dimensions 42 x 27 cm., folded to 27 x 11 cm.
340 ## - PHYSICAL MEDIUM
Material base and configuration Printed
351 ## - ORGANIZATION AND ARRANGEMENT OF MATERIALS
Hierarchical level Single item
651 4# - SUBJECT ADDED ENTRY--GEOGRAPHIC NAME
Geographic name London
690 ## - LOCAL SUBJECT ADDED ENTRY--TOPICAL TERM (OCLC, RLIN)
Topical term or geographic name as entry element PROPERTY-PROPERTY ACQUISITION AND DISPOSAL-ACQUISITION AND DISPOSAL AT AUCTION
942 ## - ADDED ENTRY ELEMENTS (KOHA)
Suppress in OPAC 0
Holdings
Withdrawn status Lost status Source of classification or shelving scheme Damaged status Not for loan Home library Current library Shelving location Date acquired Total Checkouts Full call number Barcode Date last seen Copy number Price effective from Koha item type
    Dewey Decimal Classification     London London Basement 31/10/2007   BASEMENT BOX 5 141158-1001 06/08/2019 1 06/08/2019 Archive